000 004350000a22001810004500
003 MACL
005 20151230131400.0
008 151230b xxu||||| |||| 00| 0 eng d
040 _aMACL
_cMACL
041 _aEnglish
082 _a306.872/LEV
100 _aLevi, Aurelia
_924838
245 _aThe Good Wife
260 _bHamish Hamilton
_c1959
_aLondon
350 _a15
650 _aSociology
_924839
942 _cBK
_k306.872/LEV
_2ddc
999 _c35857
_d35857